Financovanie sociálneho poistenia Predpoklady, skutočnosť a budúcnosť

Postupnosť krokov prechodu sústavy sociálneho zabezpečenia na princípy sociálneho poistenia. Prechod financovania zo štátneho rozpočtu na poistný princíp. Názorné vyjadrenie zmyslu prechodu od zabezpečenia k poisteniu. Skladba sústavy sociálneho poistenia.

Gespeichert in:
Bibliographische Detailangaben
1. Verfasser: Szabo, Michal
Format: Buchkapitel
Sprache:Slowakisch
Schlagworte:
Tags: Tag hinzufügen
Keine Tags, Fügen Sie das erste Tag hinzu!

MARC

LEADER 00000naa a2200000 4500
001 r024488
005 20221205080119.5
041 0 |a slo 
044 |a SK 
245 1 0 |a Financovanie sociálneho poistenia  |b Predpoklady, skutočnosť a budúcnosť  |c M. Szabo 
520 |a Postupnosť krokov prechodu sústavy sociálneho zabezpečenia na princípy sociálneho poistenia. Prechod financovania zo štátneho rozpočtu na poistný princíp. Názorné vyjadrenie zmyslu prechodu od zabezpečenia k poisteniu. Skladba sústavy sociálneho poistenia. 
610 2 0 |a zabezpečenie sociálne 
610 2 0 |a financovanie 
610 2 0 |a rozpočet štátny 
610 2 0 |a poistenie sociálne 
610 2 0 |a pripoistenie 
610 2 0 |a Slovensko 
100 1 |a Szabo, Michal